000 00640nam a2200193 i 4500
001 129063
003 ES-MaACL
007 t|
008 070605s1919 fr ||||1| fre d
100 1 _aTchernoff, J.
_9109485
245 1 4 _aLes nations et la Sociétè des Nations dans la politique moderne /
_cpar J. Tchernoff ; préface d'Albert Thomas.
260 _aParís :
_bFélix Alcan,
_c1919.
300 _aXXVII, 200 p. ;
_c19 cm.
490 1 _aBibliothèque d'histoire contemporaine
700 1 _aThomas, Arbert.
_9109998
830 0 _aBibliothèque d'histoire contemporaine
_9180875
852 _aES-MaACL
_jG-7277
999 _c129063
_d129063